[Event "FIDE Open World Blitz 2021"]
[Site "Warsaw"]
[Date "2021.12.30"]
[Round "16.31"]
[White "Aditya, Mittal"]
[Black "Heberla, Bartlomiej"]
[Result "0-1"]
[WhiteElo "2245"]
[BlackElo "2373"]
[Annotator "NA"]
[PlyCount "116"]
[EventDate "2021.12.29"]
[EventType "swiss"]
[EventCountry "POL"]
[Tiebreak "Cut1 Buchholz"]
[SourceTitle "playchess.com"]
[Source "ChessBase"]
[SourceQuality "1"]

1. d4 d5 2. c4 e6 3. Nc3 Nf6 4. cxd5 exd5 5. Bg5 c6 6. e3 Be7 7. Bd3 O-O 8. Qc2
h6 9. Bh4 Re8 10. Nge2 a5 11. O-O Na6 12. a3 Nc7 13. f3 c5 14. dxc5 Bxc5 15.
Nd1 b6 16. Rc1 Ne6 17. Bf2 Bb7 18. Ndc3 Rc8 19. Qd2 d4 20. exd4 Nxd4 21. Nxd4
Bxd4 22. Bh7+ Nxh7 23. Qxd4 Re6 24. Rfe1 Rd6 25. Re8+ Qxe8 26. Qxd6 Rc6 27. Qd2
Rg6 28. Re1 Qa8 29. Bg3 Ng5 30. Qe3 Bxf3 31. Qe8+ Kh7 32. Qxa8 Bxa8 33. Re7 h5
34. Kf2 Rf6+ 35. Ke3 Bxg2 36. Bh4 Re6+ 37. Rxe6 Nxe6 38. Nb5 Bc6 39. Nd4 Nxd4
40. Kxd4 b5 41. Kc5 Be8 42. b4 axb4 43. axb4 f6 44. Kd4 g5 45. Bg3 Kg6 46. Bd6
f5 47. Be7 f4 48. Ke5 Bc6 49. h4 f3 50. Bc5 gxh4 51. Kf4 h3 52. Kg3 Kf5 53.
Kxh3 Kf4 54. Bf2 Ke4 55. Kh2 Kd3 56. Kg3 Ke2 57. Bc5 f2 58. Bxf2 h4+ 0-1

[Event "FIDE Open World Blitz 2021"]
[Site "Warsaw"]
[Date "2021.12.30"]
[Round "16.32"]
[White "Anton Guijarro, David"]
[Black "Sadhwani, Raunak"]
[Result "1-0"]
[WhiteElo "2669"]
[BlackElo "2562"]
[Annotator "ChessBase"]
[PlyCount "81"]
[EventDate "2021.12.29"]
[EventType "swiss"]
[EventCountry "POL"]
[Tiebreak "Cut1 Buchholz"]
[SourceTitle "playchess.com"]
[Source "ChessBase"]
[SourceQuality "1"]

1. Nf3 d5 2. c4 d4 3. b4 g5 4. h3 h6 5. d3 Bg7 6. g3 e5 7. Nbd2 Ne7 8. Bg2 f5
9. O-O Ng6 10. Nb3 f4 11. e3 dxe3 12. fxe3 e4 13. Nfd4 f3 14. Bxf3 exf3 15.
Qxf3 Ne5 16. Qh5+ Ke7 17. b5 Qe8 18. Qe2 Qg6 19. e4 Bxh3 20. Nf5+ Kd8 21. Bb2
Bxf1 22. Rxf1 Nbd7 23. d4 Nf7 24. e5 Re8 25. Nxg7 Qxg7 26. e6 Nd6 27. c5 Nxb5
28. d5 Nc3 29. Qd3 Qg8 30. Bxc3 Nf8 31. Rf7 Kc8 32. c6 Qg6 33. cxb7+ Kxb7 34.
Qb5+ Kc8 35. Qa6+ Kb8 36. Na5 Qb1+ 37. Kg2 Qc2+ 38. Rf2 Qe4+ 39. Kh2 c6 40.
Be5+ Qxe5 41. Qb7# 1-0

[Event "FIDE Open World Blitz 2021"]
[Site "Warsaw"]
[Date "2021.12.30"]
[Round "16.32"]
[White "Lubczynski, Rafal"]
[Black "Masternak, Grzegorz"]
[Result "1/2-1/2"]
[WhiteElo "2361"]
[BlackElo "2188"]
[Annotator "NA"]
[PlyCount "119"]
[EventDate "2021.12.29"]
[EventType "swiss"]
[EventCountry "POL"]
[Tiebreak "Cut1 Buchholz"]
[SourceTitle "playchess.com"]
[Source "ChessBase"]
[SourceQuality "1"]

1. Nf3 d5 2. c4 e6 3. g3 Nf6 4. Bg2 Be7 5. O-O O-O 6. d4 dxc4 7. Qa4 a6 8. Qxc4
b5 9. Qc2 Bb7 10. Bg5 Be4 11. Qc1 Nbd7 12. Nbd2 Bb7 13. Nb3 Rc8 14. Na5 Ba8 15.
Nc6 Bxc6 16. Qxc6 Nb8 17. Qb7 c5 18. Rfd1 Rc7 19. Qa8 Qd5 20. Qxd5 Nxd5 21.
Bxe7 Nxe7 22. a4 b4 23. Rac1 c4 24. Ne5 Rfc8 25. Rc2 b3 26. Rc3 Nd5 27. Bxd5
exd5 28. Ng4 Nd7 29. Ne3 Nb6 30. Ra1 a5 31. Nd1 Re7 32. Kf1 f5 33. e3 Kf7 34.
Rcc1 g5 35. Nc3 h5 36. Kg2 Ke6 37. Rh1 Kd6 38. h4 g4 39. Rhf1 Rf8 40. Rae1 Nd7
41. f3 Nf6 42. fxg4 Nxg4 43. Rf3 Rfe8 44. Nd1 Ke6 45. Kf1 Nh2+ 46. Ke2 Nxf3 47.
Kxf3 Rg7 48. Nc3 Reg8 49. Ne2 Rg4 50. Nf4+ Rxf4+ 51. exf4+ Kd6 52. Re3 Rg6 53.
Re5 Rf6 54. Ke2 Rf8 55. Kd2 Rf7 56. Kc3 Rf8 57. Re3 Rf7 58. Re8 Re7 59. Rxe7
Kxe7 60. Kd2 1/2-1/2

[Event "FIDE Open World Blitz 2021"]
[Site "Warsaw"]
[Date "2021.12.30"]
[Round "16.33"]
[White "Socko, Bartosz"]
[Black "Sargissian, Gabriel"]
[Result "1-0"]
[WhiteElo "2571"]
[BlackElo "2664"]
[Annotator "ChessBase"]
[PlyCount "87"]
[EventDate "2021.12.29"]
[EventType "swiss"]
[EventCountry "POL"]
[Tiebreak "Cut1 Buchholz"]
[SourceTitle "playchess.com"]
[Source "ChessBase"]
[SourceQuality "1"]

1. d4 Nf6 2. c4 e6 3. Nf3 d5 4. g3 Bb4+ 5. Nbd2 O-O 6. Bg2 b6 7. O-O Bb7 8. Ne5
a5 9. Ndf3 Be7 10. Bf4 Na6 11. Rc1 c5 12. dxc5 bxc5 13. cxd5 exd5 14. Qc2 h6
15. Rfd1 Qb6 16. h4 Rfd8 17. a3 Nc7 18. b4 axb4 19. axb4 c4 20. Nd4 Nb5 21. Be3
Nxd4 22. Bxd4 Qb5 23. g4 Ne4 24. f3 Nd6 25. Bf2 Bf6 26. f4 Bxe5 27. fxe5 Ne4
28. Bd4 Qxb4 29. Rb1 Qe7 30. Qc1 Bc8 31. g5 hxg5 32. Bxe4 dxe4 33. hxg5 Bg4 34.
Qe3 Ra2 35. Re1 Ra3 36. Qf4 Rxd4 37. Qxg4 Qxe5 38. Kg2 Rd8 39. Red1 Raa8 40.
Rh1 g6 41. Rh3 c3 42. Rbh1 c2 43. Qf4 Re8 44. Qf6 1-0

[Event "FIDE Open World Blitz 2021"]
[Site "Warsaw"]
[Date "2021.12.30"]
[Round "16.34"]
[White "Vokhidov, Shamsiddin"]
[Black "Adly, Ahmed"]
[Result "0-1"]
[WhiteElo "2613"]
[BlackElo "2602"]
[Annotator "ChessBase"]
[PlyCount "75"]
[EventDate "2021.12.29"]
[EventType "swiss"]
[EventCountry "POL"]
[Tiebreak "Cut1 Buchholz"]
[SourceTitle "playchess.com"]
[Source "ChessBase"]
[SourceQuality "1"]

1. e4 c5 2. Nf3 Nf6 3. e5 Nd5 4. Nc3 Nxc3 5. dxc3 Nc6 6. Bf4 Qc7 7. Bd3 e6 8.
Qe2 h6 9. h4 b6 10. Nd2 Na5 11. Rh3 Bb7 12. Rg3 g5 13. hxg5 hxg5 14. Bxg5 Rh1+
15. Nf1 c4 16. Be4 Qxe5 17. Bxb7 Qxe2+ 18. Kxe2 Nxb7 19. Bf6 Rh6 20. Bd4 O-O-O
21. Ne3 d5 22. Ng4 Rg6 23. Rh1 Bd6 24. Ne5 Rxg3 25. fxg3 Bxe5 26. Bxe5 Kd7 27.
Bf6 Rg8 28. Rh7 Ke8 29. Be5 Nc5 30. Kf3 Ne4 31. Rh1 f6 32. Bb8 Kd7 33. Bxa7 Kc6
34. g4 Ra8 35. Bxb6 Kxb6 36. a3 Kc6 37. Ke3 Rb8 38. Kd4 0-1

[Event "FIDE Open World Blitz 2021"]
[Site "Warsaw"]
[Date "2021.12.30"]
[Round "16.34"]
[White "Elier, Ali"]
[Black "Gluszko, Tomasz"]
[Result "0-1"]
[WhiteElo "2194"]
[BlackElo "2086"]
[Annotator "NA"]
[PlyCount "86"]
[EventDate "2021.12.29"]
[EventType "swiss"]
[EventCountry "POL"]
[Tiebreak "Cut1 Buchholz"]
[SourceTitle "playchess.com"]
[Source "ChessBase"]
[SourceQuality "1"]

1. e4 c6 2. d4 d5 3. Nc3 dxe4 4. Nxe4 Nf6 5. Nxf6+ exf6 6. Bc4 Bd6 7. Qe2+ Qe7
8. Be3 O-O 9. O-O-O a5 10. Nh3 b5 11. Bd3 a4 12. Qf3 Be6 13. Rhe1 Qd7 14. Kb1
Bg4 15. Bxh7+ Kxh7 16. Qe4+ Qf5 17. Qxf5+ Bxf5 18. Ng1 Nd7 19. Ne2 Rfe8 20. Rg1
Be6 21. g4 Bd5 22. Nc3 Bf3 23. Rde1 b4 24. Nd1 Nb6 25. b3 Nd5 26. Bd2 axb3 27.
axb3 g5 28. Ne3 Nxe3 29. fxe3 Be4 30. Rgf1 Kg6 31. Rf2 Ra3 32. Ref1 Re6 33. Bc1
Rxb3+ 34. Ka2 Rc3 35. Kb2 Be7 36. h4 gxh4 37. Rh2 c5 38. dxc5 Bxc5 39. Re2 Bd6
40. Kb1 Be5 41. Rff2 Ra6 42. Rd2 Rxe3 43. Rd8 Ra1# 0-1

[Event "FIDE Open World Blitz 2021"]
[Site "Warsaw"]
[Date "2021.12.30"]
[Round "16.35"]
[White "Laith, Kasib"]
[Black "Baum, Jonasz"]
[Result "0-1"]
[WhiteElo "2010"]
[BlackElo "2157"]
[Annotator "NA"]
[PlyCount "90"]
[EventDate "2021.12.29"]
[EventType "swiss"]
[EventCountry "POL"]
[Tiebreak "Cut1 Buchholz"]
[SourceTitle "playchess.com"]
[Source "ChessBase"]
[SourceQuality "1"]

1. Nf3 d5 2. g3 g6 3. Bg2 Bg7 4. O-O Nf6 5. d3 O-O 6. Nbd2 Bg4 7. h3 Bxf3 8.
Nxf3 c6 9. c3 Nbd7 10. Qc2 Nc5 11. b4 Ncd7 12. e4 a5 13. Bb2 Nb6 14. a3 dxe4
15. dxe4 Nc4 16. Rad1 Qb6 17. Bc1 axb4 18. axb4 Rfd8 19. Qe2 Qa6 20. Rxd8+ Rxd8
21. Re1 Nd7 22. Bf1 b5 23. Nd4 Qb6 24. Rd1 Nde5 25. Bg2 Nd6 26. Be3 Qc7 27. f4
Nec4 28. Bf2 e5 29. Nc2 exf4 30. gxf4 Bxc3 31. e5 Nf5 32. Rxd8+ Qxd8 33. Bxc6
Ng3 34. Bxg3 Qb6+ 35. Bf2 Qxc6 36. Ne3 Bxb4 37. f5 Nxe3 38. Qxe3 Bf8 39. e6
fxe6 40. fxe6 Qd6 41. Qe4 b4 42. Bd4 b3 43. Be5 Qd1+ 44. Kg2 Qc2+ 45. Kg3 Qxe4
0-1

[Event "FIDE Open World Blitz 2021"]
[Site "Warsaw"]
[Date "2021.12.30"]
[Round "16.36"]
[White "Salem, A.R. Saleh"]
[Black "Saric, Ivan"]
[Result "1-0"]
[WhiteElo "2690"]
[BlackElo "2665"]
[Annotator "ChessBase"]
[PlyCount "87"]
[EventDate "2021.12.29"]
[EventType "swiss"]
[EventCountry "POL"]
[Tiebreak "Cut1 Buchholz"]
[SourceTitle "playchess.com"]
[Source "ChessBase"]
[SourceQuality "1"]

1. d4 c5 2. d5 Nf6 3. c4 d6 4. Nc3 g6 5. e4 Bg7 6. h3 O-O 7. Nf3 e6 8. Bd3 Re8
9. O-O Na6 10. Bg5 h6 11. Be3 Nc7 12. a4 Na6 13. Rc1 Nb4 14. Bb1 e5 15. Qd2 Kh7
16. g4 Bd7 17. b3 a6 18. Kh1 Qe7 19. Rg1 Reb8 20. Rg2 b5 21. Rcg1 bxc4 22. bxc4
Ng8 23. Qd1 Rb7 24. Ne2 Qe8 25. a5 Qd8 26. Ng3 Qxa5 27. Nf5 Bf8 28. h4 Qa4 29.
Qd2 f6 30. g5 fxg5 31. Rxg5 Be8 32. R5g2 Bf7 33. Rh2 gxf5 34. exf5 Nf6 35. Ng5+
Kh8 36. Ne6 Nbxd5 37. Bxh6 Bxe6 38. fxe6 Nf4 39. Bxf4 exf4 40. Qxf4 Bg7 41.
Rhg2 Qc6 42. f3 Rf8 43. Rxg7 Rxg7 44. Qh6+ 1-0

[Event "FIDE Open World Blitz 2021"]
[Site "Warsaw"]
[Date "2021.12.30"]
[Round "16.37"]
[White "Zvjaginsev, Vadim"]
[Black "Czarnota, Pawel"]
[Result "0-1"]
[WhiteElo "2609"]
[BlackElo "2502"]
[Annotator "ChessBase"]
[PlyCount "110"]
[EventDate "2021.12.29"]
[EventType "swiss"]
[EventCountry "POL"]
[Tiebreak "Cut1 Buchholz"]
[SourceTitle "playchess.com"]
[Source "ChessBase"]
[SourceQuality "1"]

1. c4 e5 2. Nc3 Nf6 3. Nf3 Nc6 4. a3 a5 5. e3 Be7 6. d4 exd4 7. exd4 d5 8. h3
O-O 9. Be2 h6 10. O-O Be6 11. cxd5 Nxd5 12. Re1 Bf6 13. Ne4 Be7 14. Bb5 Nf6 15.
Nc3 Bd6 16. Ba4 Ne7 17. Rxe6 fxe6 18. Qe2 Kf7 19. Bd2 c6 20. Re1 Qd7 21. Ne5+
Bxe5 22. dxe5 Nfd5 23. Ne4 Nf5 24. Rd1 Kg8 25. Bc1 Qf7 26. Bc2 Rad8 27. g3 Nde7
28. Nd6 Nxd6 29. exd6 Nd5 30. Be3 b6 31. Qd3 Qf5 32. Qd2 Qxh3 33. Qd3 Qf5 34.
Qd2 Qf3 35. Qd3 Qf5 36. Qd2 Qg4 37. Qd3 Nxe3 38. Qxe3 c5 39. Qd3 Rf5 40. d7 Qf3
41. Qf1 Rd5 42. Re1 R5xd7 43. Rxe6 Kh8 44. Re3 Qf6 45. Kg2 Qxb2 46. Qc4 Rd2 47.
Re2 Rxe2 48. Qxe2 Qd4 49. Kg1 c4 50. Qe6 Rf8 51. Qe2 c3 52. Bd3 b5 53. Kg2 b4
54. axb4 axb4 55. Bc2 Qd2 0-1

[Event "FIDE Open World Blitz 2021"]
[Site "Warsaw"]
[Date "2021.12.30"]
[Round "16.38"]
[White "Kovalev, Vladislav"]
[Black "Sychev, Klementy"]
[Result "1-0"]
[WhiteElo "2634"]
[BlackElo "2615"]
[Annotator "ChessBase"]
[PlyCount "131"]
[EventDate "2021.12.29"]
[EventType "swiss"]
[EventCountry "POL"]
[Tiebreak "Cut1 Buchholz"]
[SourceTitle "playchess.com"]
[Source "ChessBase"]
[SourceQuality "1"]

1. e4 c5 2. Be2 Nc6 3. d3 e6 4. f4 d5 5. Nf3 Bd6 6. O-O Nge7 7. c3 f6 8. Na3
O-O 9. Be3 b6 10. Nb5 Bb8 11. a4 a6 12. Na3 Bd6 13. Re1 Bb7 14. Bf1 Qc7 15. g3
Rad8 16. Bh3 Bc8 17. Qc2 e5 18. Bxc8 Qxc8 19. f5 Rf7 20. Rad1 Qb7 21. Nd2 b5
22. Bf2 b4 23. exd5 bxa3 24. dxc6 Qxc6 25. g4 axb2 26. Rb1 Rb8 27. c4 g6 28.
fxg6 Nxg6 29. Bg3 Bf8 30. Rxb2 Rxb2 31. Qxb2 Qxa4 32. Ne4 Qc6 33. Qb8 Qd7 34.
Rf1 Kg7 35. g5 fxg5 36. Bxe5+ Kh6 37. Rxf7 Qxf7 38. Bf6 Be7 39. Qc7 Qe6 40.
Bxe7 Nxe7 41. Qxc5 Qg4+ 42. Kf2 Ng6 43. Qd6 Qf5+ 44. Ke3 Qf1 45. c5 Qg1+ 46.
Kd2 Qa1 47. c6 Qb2+ 48. Ke3 Qc1+ 49. Kd4 Qb2+ 50. Kc5 Qa3+ 51. Kb6 Qb3+ 52.
Kxa6 Kh5 53. c7 Qa4+ 54. Kb7 Qb3+ 55. Qb6 Qd5+ 56. Qc6 Qb3+ 57. Ka7 Qa2+ 58.
Qa6 Qf7 59. Kb8 Ne7 60. Qb5 Qf8+ 61. Ka7 h6 62. Qc5 Qf7 63. Kb7 Kh4 64. Nd6
Qb3+ 65. Nb5 Qe6 66. Qc4+ 1-0

[Event "FIDE Open World Blitz 2021"]
[Site "Warsaw"]
[Date "2021.12.30"]
[Round "16.39"]
[White "Harikrishna, Pentala"]
[Black "Tazbir, Marcin"]
[Result "1-0"]
[WhiteElo "2614"]
[BlackElo "2508"]
[Annotator "ChessBase"]
[PlyCount "47"]
[EventDate "2021.12.29"]
[EventType "swiss"]
[EventCountry "POL"]
[Tiebreak "Cut1 Buchholz"]
[SourceTitle "playchess.com"]
[Source "ChessBase"]
[SourceQuality "1"]

1. e4 d5 2. exd5 Nf6 3. Bb5+ Nbd7 4. Nc3 a6 5. Be2 Nb6 6. Nf3 g6 7. O-O Bg7 8.
d4 O-O 9. Bg5 Nbxd5 10. Nxd5 Nxd5 11. Qd2 Re8 12. Rfe1 Nf6 13. Bf1 Bf5 14. Bh6
Bxh6 15. Qxh6 Bxc2 16. Ng5 Qxd4 17. Rac1 Bf5 18. h3 b5 19. Rc6 e6 20. Rxc7 Rf8
21. Rxe6 Bxe6 22. Nxe6 Ng4 23. Qxf8+ Rxf8 24. Nxd4 1-0

[Event "FIDE Open World Blitz 2021"]
[Site "Warsaw"]
[Date "2021.12.30"]
[Round "16.40"]
[White "Riazantsev, Alexander"]
[Black "Matlakov, Maxim"]
[Result "1-0"]
[WhiteElo "2634"]
[BlackElo "2614"]
[Annotator "ChessBase"]
[PlyCount "143"]
[EventDate "2021.12.29"]
[EventType "swiss"]
[EventCountry "POL"]
[Tiebreak "Cut1 Buchholz"]
[SourceTitle "playchess.com"]
[Source "ChessBase"]
[SourceQuality "1"]

1. e4 c5 2. Nf3 d6 3. Bb5+ Bd7 4. Bxd7+ Nxd7 5. c3 Ngf6 6. Qe2 e6 7. d4 cxd4 8.
cxd4 d5 9. e5 Bb4+ 10. Bd2 Bxd2+ 11. Nbxd2 Ng8 12. O-O Ne7 13. Rac1 O-O 14. Qb5
Nb6 15. Rc3 Nc6 16. a3 Rc8 17. Rfc1 h6 18. h3 a6 19. Qb3 Rb8 20. Qc2 Qe7 21.
Nf1 Nc4 22. Ne3 Nxe3 23. Rxe3 Rbc8 24. Rc3 Qd7 25. b4 Rfd8 26. Rc5 Ne7 27. Qd3
Rxc5 28. bxc5 Nc6 29. Rb1 Qe7 30. Nh2 Rd7 31. Ng4 Qg5 32. g3 h5 33. Nh2 f6 34.
Nf3 Qh6 35. Re1 Rf7 36. Kg2 fxe5 37. Nxe5 Nxe5 38. Rxe5 Rf6 39. h4 g6 40. Qe2
Kf7 41. Qb2 Kg8 42. Qe2 Kf7 43. Qb2 Kg8 44. f4 Qg7 45. Qb6 Qd7 46. Kh2 Kf7 47.
Re3 Kg8 48. Rb3 Rf7 49. Kg2 Re7 50. Re3 Qe8 51. Re5 Qa4 52. Qb2 Qc4 53. Qd2 Kf7
54. Kh2 Qf1 55. Re1 Qf3 56. Re3 Qf1 57. Qe2 Qb1 58. Kg2 Kf6 59. Qd2 Kf7 60. Re1
Qb3 61. Qe3 Qc2+ 62. Kh3 Qf5+ 63. Kg2 Qc2+ 64. Re2 Qb1 65. Qc3 Rc7 66. Re1 Qf5
67. Re5 Qb1 68. Re1 Qf5 69. Qb3 Re7 70. Re2 Qg4 71. Qd3 Rc7 72. Re5 1-0

[Event "FIDE Open World Blitz 2021"]
[Site "Warsaw"]
[Date "2021.12.30"]
[Round "16.41"]
[White "Wojtaszek, Radoslaw"]
[Black "Saraci, Nderim"]
[Result "1/2-1/2"]
[WhiteElo "2700"]
[BlackElo "2486"]
[Annotator "ChessBase"]
[PlyCount "121"]
[EventDate "2021.12.29"]
[EventType "swiss"]
[EventCountry "POL"]
[Tiebreak "Cut1 Buchholz"]
[SourceTitle "playchess.com"]
[Source "ChessBase"]
[SourceQuality "1"]

1. c4 e6 2. Nc3 d5 3. d4 Be7 4. cxd5 exd5 5. Bf4 c6 6. e3 Bd6 7. Bxd6 Qxd6 8.
Bd3 Nf6 9. Nge2 O-O 10. h3 Re8 11. Qc2 Nbd7 12. g4 Nf8 13. g5 Nh5 14. O-O-O g6
15. Kb1 Bd7 16. e4 dxe4 17. Nxe4 Qc7 18. N2g3 Nxg3 19. fxg3 Rxe4 20. Bxe4 Qxg3
21. h4 Re8 22. Ka1 Qf4 23. Rde1 Be6 24. h5 Qxg5 25. hxg6 fxg6 26. Reg1 Qf6 27.
Rd1 Rd8 28. Qc3 Bd5 29. Rhf1 Qe7 30. Bb1 Ne6 31. Rde1 Qg7 32. Re5 Rf8 33. Rg1
Qf6 34. Qe3 Nc7 35. Reg5 Bf7 36. Qh3 Ne6 37. R5g4 Nxd4 38. Qc3 Rd8 39. Rd1 c5
40. Rgg1 b6 41. Rdf1 Qg7 42. Re1 Be6 43. Qe3 Qf6 44. Ref1 Bf5 45. Bxf5 Nxf5 46.
Qb3+ Kh8 47. Qa4 Qe7 48. Re1 Qd7 49. Qe4 Kg7 50. Qe5+ Kf7 51. Rh1 Kg8 52. Reg1
Qf7 53. Rf1 Re8 54. Qf4 Qe6 55. Qd2 Nd4 56. Qh6 Qe7 57. Rhg1 Qg7 58. Qf4 Qe7
59. Qh6 Qg7 60. Qf4 Qe7 61. Qh6 1/2-1/2

[Event "FIDE Open World Blitz 2021"]
[Site "Warsaw"]
[Date "2021.12.30"]
[Round "16.42"]
[White "Niemann, Hans Moke"]
[Black "Ponkratov, Pavel"]
[Result "1-0"]
[WhiteElo "2635"]
[BlackElo "2662"]
[Annotator "ChessBase"]
[PlyCount "45"]
[EventDate "2021.12.29"]
[EventType "swiss"]
[EventCountry "POL"]
[Tiebreak "Cut1 Buchholz"]
[SourceTitle "playchess.com"]
[Source "ChessBase"]
[SourceQuality "1"]

1. d4 Nf6 2. Nc3 d6 3. e4 e5 4. Nf3 Nbd7 5. Bc4 Be7 6. O-O O-O 7. Re1 c6 8. a4
a5 9. h3 Nb6 10. Bb3 Nfd7 11. Ne2 exd4 12. Nexd4 Nc5 13. Bf4 Nxb3 14. Nxb3 Re8
15. Qd3 Bf8 16. Nbd2 Qf6 17. Bg3 d5 18. Bc7 Nc4 19. exd5 Nxb2 20. Qb3 Bf5 21.
Be5 Rxe5 22. Rxe5 Bd6 23. Rxf5 1-0

[Event "FIDE Open World Blitz 2021"]
[Site "Warsaw"]
[Date "2021.12.30"]
[Round "16.43"]
[White "Fridman, Daniel"]
[Black "Blohberger, Felix"]
[Result "1-0"]
[WhiteElo "2626"]
[BlackElo "2490"]
[Annotator "ChessBase"]
[PlyCount "97"]
[EventDate "2021.12.29"]
[EventType "swiss"]
[EventCountry "POL"]
[Tiebreak "Cut1 Buchholz"]
[SourceTitle "playchess.com"]
[Source "ChessBase"]
[SourceQuality "1"]

1. d4 e6 2. c4 Bb4+ 3. Bd2 a5 4. Nf3 Nf6 5. g3 b6 6. Bg2 Bb7 7. O-O Bxd2 8.
Qxd2 O-O 9. Qf4 d6 10. Nc3 Nbd7 11. e4 Nh5 12. Qe3 e5 13. d5 Nc5 14. Nd2 g6 15.
f4 exf4 16. gxf4 Qe7 17. e5 Rae8 18. Rae1 Bc8 19. Nf3 Ng7 20. Nd4 Nf5 21. Nxf5
Bxf5 22. b3 Nd3 23. Rd1 Nc5 24. Rfe1 Qh4 25. Nb5 Re7 26. Qg3 Qxg3 27. hxg3 Rfe8
28. Bf3 dxe5 29. Rxe5 Rxe5 30. fxe5 Rxe5 31. Nxc7 Re3 32. Kf2 Rc3 33. Rd2 Nd3+
34. Kg1 Ne5 35. Be2 Rxg3+ 36. Kf2 Rh3 37. d6 Nd7 38. Nd5 Kg7 39. Nf4 Rc3 40.
Bf3 h5 41. Bc6 Ne5 42. Bb5 Bd7 43. Nd5 Rh3 44. Nxb6 Bxb5 45. cxb5 Rh2+ 46. Ke3
Ng4+ 47. Kd3 Nf2+ 48. Kc2 Ng4 49. Rxh2 1-0

[Event "FIDE Open World Blitz 2021"]
[Site "Warsaw"]
[Date "2021.12.30"]
[Round "16.44"]
[White "Bluebaum, Matthias"]
[Black "Gajewski, Grzegorz"]
[Result "1-0"]
[WhiteElo "2609"]
[BlackElo "2589"]
[Annotator "ChessBase"]
[PlyCount "75"]
[EventDate "2021.12.29"]
[EventType "swiss"]
[EventCountry "POL"]
[Tiebreak "Cut1 Buchholz"]
[SourceTitle "playchess.com"]
[Source "ChessBase"]
[SourceQuality "1"]

1. d4 Nf6 2. c4 e6 3. Nc3 Bb4 4. e3 O-O 5. Bd2 d5 6. Nf3 Nbd7 7. a3 Be7 8. cxd5
exd5 9. Bd3 c6 10. O-O Bd6 11. Qc2 Re8 12. h3 Nf8 13. b4 a6 14. Rab1 Qe7 15. a4
Ne4 16. b5 axb5 17. axb5 Ng6 18. bxc6 bxc6 19. Rfc1 Bf5 20. Be1 Qe6 21. Ra1
Rxa1 22. Rxa1 Bxh3 23. Bxe4 Qg4 24. Nh2 Bxh2+ 25. Kxh2 dxe4 26. gxh3 Qf5 27. f4
h5 28. Ne2 h4 29. Ra5 Qd7 30. Qa2 Ne7 31. Bxh4 Nd5 32. Bf2 Nb4 33. Ra7 Qf5 34.
Qa5 Nd5 35. Ra8 Qd7 36. Rxe8+ Qxe8 37. Nc3 Nf6 38. Qe5 1-0

[Event "FIDE Open World Blitz 2021"]
[Site "Warsaw"]
[Date "2021.12.30"]
[Round "16.45"]
[White "Kantor, Gergely"]
[Black "Demidov, Mikhail"]
[Result "1-0"]
[WhiteElo "2566"]
[BlackElo "2592"]
[Annotator "ChessBase"]
[PlyCount "97"]
[EventDate "2021.12.29"]
[EventType "swiss"]
[EventCountry "POL"]
[Tiebreak "Cut1 Buchholz"]
[SourceTitle "playchess.com"]
[Source "ChessBase"]
[SourceQuality "1"]

1. e4 Nf6 2. e5 Nd5 3. d4 d6 4. Nf3 Nb6 5. Be2 g6 6. O-O Bg7 7. a4 dxe5 8. Nxe5
Bxe5 9. dxe5 Qxd1 10. Rxd1 Bf5 11. Na3 Nc6 12. Nb5 O-O 13. a5 Nd7 14. g4 Be6
15. Nxc7 Ndxe5 16. Nxa8 Rxa8 17. h3 a6 18. f4 Bc4 19. fxe5 Bxe2 20. Rd7 Rb8 21.
Bf4 e6 22. Kf2 Bb5 23. Rad1 Kg7 24. Rc7 Nxa5 25. Bg5 Bc6 26. Bf6+ Kf8 27. b3 h6
28. Ra1 b6 29. Rxa5 bxa5 30. Rxc6 Ra8 31. Ke3 g5 32. Kd4 Kg8 33. Rc7 Rb8 34.
Ra7 Rb6 35. Ra8+ Kh7 36. Rh8+ Kg6 37. Rg8+ Kh7 38. Rg7+ Kh8 39. Rxf7+ Kg8 40.
Rg7+ Kf8 41. Ra7 Rc6 42. c4 Rb6 43. Kc3 a4 44. bxa4 Rb1 45. Rxa6 Kf7 46. Ra7+
Kf8 47. c5 Rc1+ 48. Kb4 Rc2 49. Kb5 1-0

[Event "FIDE Open World Blitz 2021"]
[Site "Warsaw"]
[Date "2021.12.30"]
[Round "16.46"]
[White "Bologan, Victor"]
[Black "Harsha, Bharathakoti"]
[Result "0-1"]
[WhiteElo "2574"]
[BlackElo "2576"]
[Annotator "ChessBase"]
[PlyCount "114"]
[EventDate "2021.12.29"]
[EventType "swiss"]
[EventCountry "POL"]
[Tiebreak "Cut1 Buchholz"]
[SourceTitle "playchess.com"]
[Source "ChessBase"]
[SourceQuality "1"]

1. e4 c5 2. Nf3 d6 3. Bb5+ Nd7 4. c3 a6 5. Ba4 Ngf6 6. Bc2 e6 7. d4 Be7 8. O-O
O-O 9. Re1 b5 10. Nbd2 Bb7 11. Nf1 cxd4 12. cxd4 Rc8 13. Ng3 Re8 14. a4 Qc7 15.
Bd3 Bc6 16. b3 Qb7 17. Qe2 Nf8 18. h3 Ng6 19. Bd2 Bd7 20. Reb1 Ra8 21. Ra2 Rec8
22. Rba1 bxa4 23. bxa4 a5 24. Rb1 Qa7 25. Bb5 Bd8 26. Rab2 Rab8 27. Qd3 Bxb5
28. Rxb5 Rxb5 29. Rxb5 d5 30. e5 Nd7 31. h4 Nxh4 32. Nxh4 Bxh4 33. Rxa5 Qb7 34.
Ne2 Bd8 35. Rb5 Qa6 36. Qb3 Nb6 37. Ba5 Nc4 38. Bxd8 Rxd8 39. Rb8 Qa5 40. Rxd8+
Qxd8 41. Qb4 h6 42. g3 Kh7 43. Nf4 g6 44. Qb7 Kg8 45. Qb4 Qa8 46. Nd3 Qd8 47.
Nf4 h5 48. Kg2 h4 49. g4 Qg5 50. Kf3 h3 51. Nxh3 Qc1 52. Kg2 Qd1 53. f3 Qxd4
54. Qb8+ Kg7 55. Qd8 Qxe5 56. a5 Qe2+ 57. Nf2 Nd2 0-1

[Event "FIDE Open World Blitz 2021"]
[Site "Warsaw"]
[Date "2021.12.30"]
[Round "16.47"]
[White "Puranik, Abhimanyu"]
[Black "Gagunashvili, Merab"]
[Result "1/2-1/2"]
[WhiteElo "2604"]
[BlackElo "2575"]
[Annotator "ChessBase"]
[PlyCount "93"]
[EventDate "2021.12.29"]
[EventType "swiss"]
[EventCountry "POL"]
[Tiebreak "Cut1 Buchholz"]
[SourceTitle "playchess.com"]
[Source "ChessBase"]
[SourceQuality "1"]

1. Nf3 d5 2. c4 c6 3. g3 Nf6 4. Bg2 g6 5. b3 Bg7 6. Bb2 O-O 7. O-O b6 8. Nc3
Bb7 9. d4 e6 10. Rc1 Nbd7 11. a4 Qe7 12. a5 Rfd8 13. Ra1 c5 14. Ba3 Rac8 15.
Nb5 Ra8 16. a6 Bc6 17. Qc2 Bxb5 18. cxb5 Ne4 19. e3 Rac8 20. Rac1 Qe8 21. Qd3
Bf8 22. Bb2 Bg7 23. Ne5 c4 24. Nxc4 Nec5 25. dxc5 dxc4 26. Qe2 Bxb2 27. Qxb2
Nxc5 28. Rxc4 Qxb5 29. Rfc1 Qxa6 30. b4 Nd3 31. Rxc8 Rxc8 32. Rxc8+ Qxc8 33.
Qd4 Ne1 34. Be4 Qc1 35. Qd8+ Kg7 36. Qd4+ Kh6 37. Qf6 Nf3+ 38. Kg2 Ne1+ 39. Kh3
Qd1 40. f3 Qe2 41. Qxf7 Qxe3 42. Qf8+ Kh5 43. g4+ Kg5 44. Qe7+ Kh6 45. Qf8+ Kg5
46. Qd8+ Kh6 47. Qf8+ 1/2-1/2

[Event "FIDE Open World Blitz 2021"]
[Site "Warsaw"]
[Date "2021.12.30"]
[Round "16.48"]
[White "Kadric, Denis"]
[Black "Najer, Evgeniy"]
[Result "1-0"]
[WhiteElo "2566"]
[BlackElo "2654"]
[Annotator "ChessBase"]
[PlyCount "74"]
[EventDate "2021.12.29"]
[EventType "swiss"]
[EventCountry "POL"]
[Tiebreak "Cut1 Buchholz"]
[SourceTitle "playchess.com"]
[Source "ChessBase"]
[SourceQuality "1"]

1. e4 e5 2. Nf3 Nc6 3. Bc4 Bc5 4. c3 Nf6 5. d3 d6 6. O-O a6 7. Re1 Ba7 8. Bb3
h6 9. Nbd2 O-O 10. Nf1 Be6 11. Bc2 d5 12. exd5 Nxd5 13. Ng3 Re8 14. Bd2 Qd6 15.
Qe2 Nf6 16. h3 Rad8 17. b4 Bd5 18. Nh4 Qf8 19. a4 Bb6 20. b5 axb5 21. axb5 Nb8
22. Nh5 Nbd7 23. Nf5 Nxh5 24. Qxh5 Nf6 25. Qh4 Nh7 26. d4 e4 27. Re3 Ng5 28.
Rg3 f6 29. Qg4 Be6 30. h4 Rd5 31. Bxe4 Nxe4 32. Nxh6+ Kh8 33. Qxe4 f5 34. Qf4
gxh6 35. Rg6 Bf7 36. Rxh6+ Kg8 37. Rc1 Re1+ 1-0